000 00670nam a2200229 i 4500
001 61382
003 ES-MaACL
005 20230906164439.0
007 t|
008 031111s1963 sp ||||1| cat d
100 1 _aEvely, Louis.
_948385
245 1 0 _aSofriment /
_cLouis Evely ; traductor Joan Fortuny Escoda.
250 _a[1ยช ed.].
260 _aBarcelona :
_bEstela,
_c[1963]
300 _a143 p. ;
_c20 cm.
490 1 _aEspiritualitat ;
_v17
650 0 4 _aSufrimiento-
_xAspectos religiosos.
_917258
700 1 _aFortuny i Escoda, Joan.
_951884
830 0 _aEspiritualitat ;
_v17
_9182793
852 _aES-MaACL
_jC-32608
_bR.63493
999 _c61382
_d61382